000
00213nam a22000857a 4500
008
170210b xxu||||| |||| 00| 0 eng d
100
_9
2847
_a
Mehrotra. D
245
_a
Computer learning
260
_a
New Delhi
_b
Chand
_c
2008
999
_c
6068
_d
6068